000 00217 a2200097 4500
001 8448
090 _c6815
_d6815
100 _aWatt, A F
245 _aShakespeare: A midsummer nights dream (Transfered to SOA)
260 _bU T P
942 _aNUST-CAE
999 _c243521
_d243521